| 000 | 00640cam a2200193 4500 | ||
|---|---|---|---|
| 001 | 4456 | ||
| 005 | 20181127173427.0 | ||
| 008 | 980722s1999 nyua 000 1 eng | ||
| 020 | _a0553108034 | ||
| 100 | 1 | _aMartin, George R. R. | |
| 245 | 1 | 2 |
_aA clash of kings / _cGeorge R.R. Martin. |
| 260 |
_aLondon : _bHarper, _c2014. |
||
| 300 |
_a913 p. : _bill. ; _c22 cm. |
||
| 490 | 1 |
_aA song of ice and fire ; _vbk. 2 |
|
| 500 | _aIncludes two maps of the territory of A clash of kings on endpapers. | ||
| 500 | _aSequel to: A game of thrones. | ||
| 655 | 7 |
_aFantasy fiction. _2gsafd |
|
| 800 | 1 |
_aMartin, George R. R. _tSong of ice and fire ; _vbk. 2. |
|
| 999 |
_c3689 _d3689 |
||